| 000 | 00936cam a2200217 4500 | ||
|---|---|---|---|
| 001 | WB3734-23 | ||
| 008 | 010912n2001 000 0 eng u | ||
| 035 | _a(Sirsi) u114554 | ||
| 245 | _aOut on the terrace | ||
| 260 | _c2001 | ||
| 490 |
_aEstates Gazette _v(0136) 8 September 2001, 178(1) |
||
| 520 | _aConsiders the definition of 'main structure' and the resulting obligation to repair with reference to the case, "Ibrahim v Dovecorn Reversion Ltd and others". The landlord was obliged to repair the tenant's leaking roof terrace because everything except the surface of the terrace was deemed to form part of the main structure. | ||
| 590 | _aWB | ||
| 650 | _aMAIN STRUCTURE | ||
| 650 | _aOBLIGATION TO REPAIR | ||
| 650 | _aIBRAHIM V DOVECORN REVERSIONS LTD | ||
| 650 | _aROOF TERRACE | ||
| 650 | _aREPAIRS | ||
| 690 | _aPROPERTY-RESIDENTIAL PROPERTY-RESIDENTIAL LANDLORD AND TENANT-RESIDENTIAL TENANCIES | ||
| 942 | _n0 | ||
| 999 |
_c68256 _d68256 |
||